Mercantilism and the East India trade

Mercantilism was the dominant school of thought throughout the early modern period (from the 16th to the 18th century). Domestically, the doctrine led to some of the first instances of significant government intervention and control over the economy, and it was during this period that much of the mo...

Descripció completa

Guardat en:
Dades bibliogràfiques
Autor principal: Thomas, P. J.
Format: Llibre
Idioma:Undetermined
Publicat: London Frank cass 1926
Matèries:
Etiquetes: Afegir etiqueta
Sense etiquetes, Sigues el primer a etiquetar aquest registre!
Thư viện lưu trữ: Trung tâm Học liệu Trường Đại học Cần Thơ
LEADER 01056nam a2200217Ia 4500
001 CTU_221880
008 210402s9999 xx 000 0 und d
082 |a 382.70941 
082 |b T454 
100 |a Thomas, P. J. 
245 0 |a Mercantilism and the East India trade 
245 0 |c P. J. Thomas 
260 |a London 
260 |b Frank cass 
260 |c 1926 
520 |a Mercantilism was the dominant school of thought throughout the early modern period (from the 16th to the 18th century). Domestically, the doctrine led to some of the first instances of significant government intervention and control over the economy, and it was during this period that much of the modern capitalist system. 
650 |a Protectionism,East Indies,Chủ nghĩa bảo hộ,Chủ nghĩa bảo hộ,Đông Ấn 
650 |x History,Commerce,Lịch sử,Lịch sử,Thương mại 
650 |z Great Britain,Great Britain,Nước Anh,Nước Anh,Nước Anh 
904 |i Qhieu 
980 |a Trung tâm Học liệu Trường Đại học Cần Thơ